000 00298nam a2200121Ia 4500
008 190216s9999||||xx |||||||||||||| ||und||
100 _a"M Y Khan ,p K Jain"
245 0 _aCost Accounting / 1st Ed.
250 _a2nd Ed.
260 _bTata Mcgrawhill Publishers
_c2008
300 _a545
942 _cBK
999 _c8319
_d8319